Größte Städte in Sachsen (mit Karte) - Statistiken

Allgemein
  • Dieses Quiz wurde 9.323 mal gespielt
  • Das Durchschnittsergebnis liegt bei 21 aus 50
Antworten auf der Karte
Die Antworten werden auf der Karte rot bzw. grün angezeigt, abhängig davon wie oft sie richtig erraten wurden.
 
Antwortstatistiken
Einwohner Kreis Stadt % Korrekt
555.351 Kreisfrei Dresden
99%
601.866 Kreisfrei Leipzig
99%
243.105 Kreisfrei Chemnitz
93%
86.592 Zwickau Zwickau
82%
55.519 Görlitz Görlitz
79%
37.838 Bautzen Bautzen
72%
63.372 Vogtlandkreis Plauen
68%
28.080 Meißen Meißen
64%
19.834 Erzgebirgskreis Aue-Bad Schlema
60%
38.361 Sächsische Schweiz-Osterzgebirge Pirna
58%
39.721 Mittelsachsen Freiberg
57%
24.517 Görlitz Zittau
55%
28.850 Meißen Riesa
51%
31.326 Bautzen Hoyerswerda
48%
33.743 Meißen Radebeul
48%
39.316 Sächsische Schweiz-Osterzgebirge Freital
46%
19.118 Erzgebirgskreis Annaberg-Buchholz
45%
19.625 Nordsachsen Torgau
44%
18.675 Bautzen Radeberg
41%
28.054 Leipzig Grimma
39%
24.643 Leipzig Markkleeberg
37%
24.862 Nordsachsen Delitzsch
36%
23.232 Mittelsachsen Döbeln
35%
15.255 Görlitz Weißwasser/Oberlausitz
35%
13.884 Nordsachsen Oschatz
34%
18.574 Nordsachsen Schkeuditz
34%
19.031 Leipzig Borna
33%
21.914 Zwickau Glauchau
33%
20.462 Meißen Coswig
32%
16.985 Bautzen Kamenz
32%
18.227 Zwickau Crimmitschau
29%
14.209 Mittelsachsen Mittweida
28%
16.238 Leipzig Wurzen
28%
17.804 Vogtlandkreis Auerbach/Vogtland
27%
19.992 Vogtlandkreis Reichenbach im Vogtland
27%
16.540 Sächsische Schweiz-Osterzgebirge Heidenau
26%
14.277 Görlitz Löbau
26%
16.011 Erzgebirgskreis Schwarzenberg/Erzgeb.
26%
15.733 Nordsachsen Taucha
26%
15.721 Nordsachsen Eilenburg
25%
23.688 Zwickau Limbach-Oberfrohna
25%
14.096 Sächsische Schweiz-Osterzgebirge Dippoldiswalde
24%
16.524 Erzgebirgskreis Marienberg
24%
15.981 Leipzig Markranstädt
23%
13.781 Zwickau Meerane
23%
20.381 Zwickau Werdau
23%
17.958 Meißen Großenhain
22%
13.724 Mittelsachsen Frankenberg/Sa.
21%
14.142 Zwickau Hohenstein-Ernstthal
20%
14.474 Sächsische Schweiz-Osterzgebirge Wilsdruff
19%
Keine übereinstimmenden Quizze gefunden
Verteilung der Resultate
Anzahl Personen mit jedem Resultat
Perzentil nach korrekt beantworteten Fragen
Ihre Resultats-Entwicklung
Sie haben dieses Quiz noch nicht gespielt